000 00991cam a22003017a 4500
003 CHAP
005 20220329134221.0
008 971013s1975 r 00010 d
010 _a17122
011 _a18094
035 _a22178
040 _cCHAP
090 _aFolleto 2636
100 0 0 _aJiménez Alarcón, Moisés.
_961444
245 0 _aReforma educativa :
_btemas mexicanos
_c/por Moisés Jiménez Alarcón
260 _aMéxico, D.F., :
_bSecretaría de la Presidencia,
_c1975
300 _a55 p.
590 _aBATCH-UPD
_b10
_c20130110
_lUCH01
_h1233
590 _aBATCH-UPD
_b10
_c20130410
_lUCH01
_h0802
590 _aBATCH-UPD
_b10
_c20130914
_lUCH01
_h1235
590 _aCONVERSION
_b10
_c20130109
_lUCH01
_h1311
650 1 4 _aEducación
_xMéxico.
_935466
650 1 4 _aPolítica educativa
_zMéxico.
_990561
901 _aBK
942 _cFOLL
949 _aFolleto 2636
_bBC
_cFOLL
_d-51950
_eTS1
_i22178
_mD
_si
949 _aFolleto 2636
_bBC
_cFOLL
_d22178
_eTS2
_fc.2
_gDonaciØn
_i22178
_sb
999 _c17122
_d17122